000 00375nam a22001577a 4500
003 SGT
020 _a9781607951889
082 _a617.63
_bB15G
100 _aGLICK, MICHAEL.
245 _aBURKET'S ORAL MEDICINE
250 _a12TH
260 _aPeoples Medical Publishing House
_bAHUJA BOOKS PUBLISHER
300 _a1-716
650 _aORAL MEDICINE
942 _2ddc
_cBK
_055
999 _c12320
_d12320